Mondaq Myanmar

Detalles Bibliográficos
Formato: eBook
Lenguaje:inglés
Publicado: Naipyid:̤ Mondaq, 2013
Colección:Mondaq Business Briefing
Materias:
Acceso en línea:Acceso restringido

MARC

LEADER 00000nam a22000007a 4500
005 20190219124748.0
007 cr|||| ||||
008 190219s2013 mm |||||s|||| 00||0 eng d
035 |a 7089 
040 |a vLex 
090 |c 8457  |d 8457 
245 0 0 |a Mondaq Myanmar  |h [Recurso electrn̤ico] / 
256 |a Servicio en ln̕ea 
260 |a Naipyid:̤  |b Mondaq,  |c 2013 
300 |a 1 recurso electrn̤ico 
490 0 |a Mondaq Business Briefing 
506 1 |a Disponible solo en los productos indicados  |d vLex Global  |d vLex Global (Academic Edition, excluding Law Schools)  |d vLex Global (U.S. Academic Edition, Law Schools)  |d vLex Global (U.S. Academic Edition, excluding Law Schools)  |d vLex Global (Academic Edition, Law Schools) 
650 0 4 |a Derecho Civil  |z Birmania 
740 0 |a vLex Libros (Servicio en ln̕ea) 
856 4 0 |u http://vlex.com/source/7089  |z Acceso restringido 
942 |c BOOK 
999 0 |a Civil Law